000 01247cac a2200253 a 4500
003 CO-PeBPM
005 20250606100614.0
008 231129s2001||||ck ab|||||||||||| ||spa||
020 _a9588181038
040 _aCO-PeBPM
_bspa
_cCO-PeBPM
_erda
041 _aspa
082 0 4 _a930.19861 A772a
_222
245 1 0 _aArqueologia preventiva en el Eje Cafetero
_b: Reconocimiento y rescate arqueológico en los municipios jurisdicción del Fondo para la Reconstrucción del Eje Cafetero, FOREC.
_c/ Editores Víctor González Fernández, Carlos Andrés Barragán
260 _aBogotá, Colombia
_b: Instituto Colombiano de Antropología e Historia ICANH
_c, 2001
300 _a209 páginas
_bilustraciones, figuras, mapas en blanco y negro
_c27,5 centímetros
490 _a Colección FOREC. Serie: Ordenamiento territorial y reconstrucción del Eje Cafetero
_vXI
500 _aIncluye índice
504 _aIncluye bibliografía al final de cada capítulo
650 1 4 _a Arqueología - Zona Cafetera (Colombia)
_2LEMB
650 1 4 _aPatrimonio arquitectónico - Zona Cafetera (Colombia)
_2LEMB
700 1 4 _aGonzález Fernández, Víctor
_eeditor
700 1 4 _aBarragán, Carlos Andrés
_eeditor
942 _2ddc
_cBK
999 _c5585
_d5585